Carte di Clash Royale - Statistics

Statistiche generali
  • Questo quiz è stato fatto 1.659 volte
  • Il punteggio medio è 63 su 103
Statistiche sulle risposte
Arena Rarità Carta % Corretto
stadio goblin comune Goblin
91%
campo di prova rara Gigante
90%
campo di prova rara Mini P.E.K.K.A
89%
casa dei giochi della P.E.K.K.A epica P.E.K.K.A
89%
campo di prova comune Cavaliere
88%
pozzo delle ossa comune Scheletri
87%
campo di prova rara Sfera infuocata
85%
valle degli incantesimi epica Strega
85%
royal arena epica Principe
84%
arena dei barbari comune Barbari
83%
campo di prova comune Arcieri
82%
valle degli incantesimi rara Domatore di cinghiali
82%
casa dei giochi della P.E.K.K.A rara Stregone
82%
arena dei barbari comune Cannone
80%
monte cinghiale epica Golem
80%
pozzo delle ossa epica Orda di scheletri
80%
campo di prova rara Moschettiere
79%
campo di prova comune Frecce
78%
officina del costruttore leggendaria Il tronco
78%
valle degli incantesimi comune Scarica
78%
royal arena leggendaria Gran cavaliere
76%
campo di prova comune Sgherri
76%
arena elettrica comune Tesla
75%
arena dei barbari epica barile goblin
74%
stadio goblin comune Goblin lancieri
74%
arena elettrica leggendaria Stregone elettrico
74%
royal arena comune Gigante royale
73%
pozzo delle ossa rara Valchiria
73%
arena selvaggia rara Capanna goblin
72%
arena selvaggia leggendaria Drago infernale
71%
royal arena epica Principe nero
71%
casa dei giochi della P.E.K.K.A rara Torre infernale
71%
picco ghiacciato epica Fulmine
70%
picco ghiacciato leggendaria Stregone di ghiaccio
70%
monte cinghiale comune Barbari scelti
69%
pozzo delle ossa epica Cucciolo di drago
68%
monte cinghiale comune Orda di sgherri
68%
valle degli incantesimi leggendaria Principessa
68%
picco della serenità leggendaria Strega notturna
68%
casa dei giochi della P.E.K.K.A leggendaria Minatore
67%
casa dei giochi della P.E.K.K.A comune Spirito del fuoco
67%
arena elettrica epica Drago elettrico
65%
picco della serenità epica Furia
65%
picco della serenità rara Golem di elisir
65%
arena selvaggia epica Gigante goblin
64%
arena elettrica leggendaria Scintilla
64%
picco ghiacciato comune Spirito del ghiaccio
64%
arena leggendaria leggendaria Strega madre
64%
pozzo delle ossa rara Lapide
63%
officina del costruttore rara Razzo
63%
officina del costruttore epica Mongolfiera
62%
picco della serenità leggendaria Boscaiolo
60%
arena selvaggia comune Gang di goblin
60%
arena elettrica epica Gigante elettrico
60%
picco ghiacciato epica Congelamento
59%
arena elettrica comune Spirito elettrico
59%
arena spaventosa leggendaria Cimitero
58%
monte cinghiale rara Fornace
58%
monte cinghiale leggendaria Mastino lavico
58%
covo dei mascalzoni rara Spirito della cura
58%
pozzo delle ossa comune Bombarolo
57%
royal arena rara Tre moschettieri
57%
arena selvaggia epica Veleno
57%
covo dei mascalzoni leggendaria Fuorilegge
56%
covo dei mascalzoni comune Mascalzoni
56%
royal arena rara Maiali royale
55%
arena spaventosa rara Torre bombardiera
55%
casa dei giochi della P.E.K.K.A epica Scheletro gigante
54%
picco ghiacciato comune Palla di neve gigante
53%
officina del costruttore epica Arco-X
52%
picco della serenità rara Capanna dei barbari
52%
monte cinghiale leggendaria Domatrice di arieti
52%
officina del costruttore comune Mortaio
52%
arena dei barbari epica Barile barbarico
51%
arena selvaggia rara Goblin cerbottaniere
51%
arena spaventosa rara Terremoto
51%
valle degli incantesimi comune Pipistrelli
50%
arena spaventosa comune Barile d'ossa
48%
covo dei mascalzoni leggendaria Arciere magico
47%
picco della serenità comune Arciere pirotecnico
47%
arena spaventosa leggendaria Fantasma royale
47%
royal arena comune Reclute royale
46%
arena spaventosa epica Specchio
46%
arena dei barbari rara Ariete da battaglia
45%
picco della serenità epica Boia
45%
casa dei giochi della P.E.K.K.A comune Draghi d'ossa
45%
picco ghiacciato rara Golem del ghiaccio
44%
arena spaventosa epica Guardie
44%
arena leggendaria epica Tornado
44%
arena leggendaria epica Clonazione
43%
covo dei mascalzoni rara Estrattore di elisir
43%
arena leggendaria rara Guaritrice guerriera
43%
covo dei mascalzoni epica Bocciatore
42%
arena leggendaria leggendaria Pescatore
42%
valle degli incantesimi epica Spaccamuro
40%
arena leggendaria comune Consegna royale
39%
arena dei barbari rara Megasgherro
39%
officina del costruttore rara Macchina volante
38%
monte cinghiale epica Cacciatore
37%
arena leggendaria epica Cannone a rotelle
33%
covo dei mascalzoni epica Trivella goblin
33%
arena elettrica rara Scaricuccioli
32%
stadio goblin rara Gabbia per goblin
26%
Nessun quiz corrispondente trovato
Distribuzione punteggi
Percentuale di utenti per punteggio
Percentile per numero di risposta
I tuoi punteggi nel tempo
Non hai fatto questo quiz